000 00480nam a2200121Ia 4500
008 220615s9999||||xx |||||||||||||| ||und||
245 0 _aAdvances in Aquatic Invertebrate Stem Cell Research
_bFrom Basic Research to Innovative Applications
546 _aEnglish[eng]
650 _aaquaculture; fisheries; stem cell
700 _aBallarin, Loriano||Rinkevich, Baruch||Hobmayer, Bert
856 _uhttps://library.oapen.org/bitstream/20.500.12657/54195/1/9783036516363.pdf
942 _cEB
999 _c7766
_d7766